[Event "ch-city  open-A"]
[Site "Warszawa"]
[Date "2011.05.11"]
[Round "5.1"]
[White "Leniart, Arkadiusz"]
[Black "Deszczynski, Adam"]
[Result "1-0"]
[WhiteElo "2444"]
[BlackElo "2366"]
[PlyCount "67"]
[EventDate "2011.05.07"]
[EventRounds "9"]
[EventCountry "POL"]

1. d4 g6 2. c4 Bg7 3. Nc3 d6 4. e4 Nf6 5. f4 O-O 6. Nf3 c5 7. dxc5 Qa5 8. Bd3
Qxc5 9. Qe2 Bg4 10. Be3 Qa5 11. O-O Nc6 12. Rac1 Nd7 13. Qf2 Nc5 14. Bb1 Bxf3
15. gxf3 Na4 16. Nxa4 Qxa4 17. Rfd1 Rfd8 18. Kh1 Qb4 19. b3 Qa3 20. Rc2 a5 21.
Rd5 Nb4 22. Bc1 Nxc2 23. Bxa3 Nxa3 24. Bd3 e6 25. Rg5 h6 26. Rg1 d5 27. cxd5
exd5 28. e5 b5 29. f5 Bxe5 30. fxg6 f6 31. g7 Rd7 32. f4 Bc3 33. Qg2 f5 34.
Bxf5 1-0

[Event "ch-city  open-A"]
[Site "Warszawa"]
[Date "2011.05.11"]
[Round "5.2"]
[White "Nguyen, Piotr"]
[Black "Grabarczyk, Miroslaw"]
[Result "0-1"]
[WhiteElo "2397"]
[BlackElo "2445"]
[PlyCount "156"]
[EventDate "2011.05.07"]
[EventRounds "9"]
[EventCountry "POL"]

1. f4 d5 2. Nf3 Nc6 3. g3 Bg4 4. Bg2 Bxf3 5. Bxf3 Nf6 6. c4 e6 7. O-O Be7 8. e3
O-O 9. b3 d4 10. Ba3 Bxa3 11. Nxa3 Qe7 12. Nb5 dxe3 13. dxe3 e5 14. Qe2 Rad8
15. Rad1 a6 16. Nc3 exf4 17. exf4 Qc5+ 18. Qf2 Qe7 19. Nd5 Nxd5 20. cxd5 Nb8
21. Rc1 Rd7 22. Rfe1 Qd8 23. Re3 h6 24. Qe2 c6 25. dxc6 Nxc6 26. Bxc6 Rd2 27.
Qc4 bxc6 28. Re2 Rxe2 29. Qxe2 Re8 30. Rd1 Qb6+ 31. Qf2 Qa5 32. Qd2 Qc5+ 33.
Qd4 Qe7 34. Rc1 Qa3 35. Rc2 Qe7 36. Kg2 Qe1 37. Qd3 a5 38. Qf3 Re6 39. Rxc6
Qd2+ 40. Kh3 Re2 41. Kg4 Qd7+ 42. f5 Qd4+ 43. Kh3 Qd2 44. Qh1 Rf2 45. Rc4 Rxf5
46. Qa8+ Kh7 47. Qe4 g6 48. Qe7 Rf2 49. Rf4 Rxf4 50. gxf4 Qxf4 51. Kg2 Qg5+ 52.
Qxg5 hxg5 53. Kf3 f5 54. Ke3 Kg7 55. Kd4 Kf6 56. Kd5 f4 57. Ke4 Ke6 58. h3 Kf6
59. a3 Ke6 60. Kd4 Kd6 61. b4 Kc6 62. Kc4 Kb6 63. Kd4 Kb5 64. Kc3 Kc6 65. Kc4
Kd6 66. Kd4 Kd7 67. Kd3 Ke7 68. Ke4 axb4 69. axb4 Ke6 70. Kd4 Kf5 71. b5 Ke6
72. Ke4 Ke7 73. Kd3 Kd7 74. Kc3 Kc7 75. Kd3 Kb7 76. Kd4 Ka7 77. Kd3 Kb6 78. Kc4
g4 0-1

[Event "ch-city  open-A"]
[Site "Warszawa"]
[Date "2011.05.11"]
[Round "5.3"]
[White "Olejarczyk, Bogdan"]
[Black "Strzemiecki, Zbigniew"]
[Result "0-1"]
[WhiteElo "2120"]
[BlackElo "2422"]
[PlyCount "80"]
[EventDate "2011.05.07"]
[EventRounds "9"]
[EventCountry "POL"]

1. d4 Nf6 2. Nf3 g6 3. Bf4 Bg7 4. e3 O-O 5. h3 d6 6. Be2 Nfd7 7. Nc3 e5 8. Bh2
Nc6 9. O-O f5 10. dxe5 Ncxe5 11. Nxe5 Nxe5 12. Nd5 Be6 13. c3 Bf7 14. Nf4 Qe7
15. Qc2 d5 16. Rad1 c6 17. b3 Rad8 18. Nd3 Nxd3 19. Bxd3 Qc5 20. Rc1 Rfe8 21.
Bf4 Rd7 22. Rfd1 Bf6 23. Be2 Red8 24. Bg3 Kg7 25. Kh2 Be6 26. b4 Qe7 27. a4 h5
28. Kg1 h4 29. Bh2 Rc8 30. Qb1 Kh8 31. b5 cxb5 32. Bxb5 Rdd8 33. Qb4 Qg7 34.
Be2 g5 35. c4 dxc4 36. Rxd8+ Rxd8 37. Bxc4 Rc8 38. Rc2 Qd7 39. Rd2 a5 40. Qd6
Qxd6 0-1

[Event "ch-city  open-A"]
[Site "Warszawa"]
[Date "2011.05.11"]
[Round "5.4"]
[White "Nurkiewicz, Maciej"]
[Black "Przedmojski, Rafal"]
[Result "1/2-1/2"]
[WhiteElo "2417"]
[BlackElo "2370"]
[PlyCount "58"]
[EventDate "2011.05.07"]
[EventRounds "9"]
[EventCountry "POL"]

1. e4 c6 2. d4 d5 3. Nc3 a6 4. Nf3 Bg4 5. h3 Bh5 6. g4 dxe4 7. Ne5 f6 8. gxh5
fxe5 9. dxe5 Qxd1+ 10. Kxd1 Nd7 11. Bf4 g5 12. hxg6 Bg7 13. gxh7 Rxh7 14. Nxe4
Rh4 15. Rg1 Rxf4 16. Rxg7 O-O-O 17. Bd3 Nxe5 18. Ke2 Nh6 19. Rxe7 Nxd3 20. cxd3
Nf5 21. Rh7 Nd4+ 22. Kf1 Nc2 23. Rc1 Nb4 24. Nc5 Rdf8 25. Rxb7 Rxf2+ 26. Kg1
Rxb2 27. a3 Rg8+ 28. Kh1 Rgg2 29. Rxb4 Rh2+ 1/2-1/2

[Event "ch-city  open-A"]
[Site "Warszawa"]
[Date "2011.05.11"]
[Round "5.5"]
[White "Alvarado, Carlos"]
[Black "Sznapik, Aleksander"]
[Result "1-0"]
[WhiteElo "2203"]
[BlackElo "2422"]
[PlyCount "125"]
[EventDate "2011.05.07"]
[EventRounds "9"]
[EventCountry "POL"]

1. d4 Nf6 2. c4 c5 3. d5 b5 4. cxb5 a6 5. f3 g6 6. e4 d6 7. Na3 Bg7 8. Ne2 axb5
9. Nxb5 O-O 10. Nec3 Na6 11. Be2 Qb6 12. Be3 Bd7 13. O-O Rfb8 14. Qd2 Ne8 15.
a4 Nec7 16. Ra3 Nxb5 17. axb5 Nc7 18. Rfa1 Rxa3 19. Rxa3 Ra8 20. Rxa8+ Nxa8 21.
b4 Bd4 22. bxc5 dxc5 23. Bf1 Qa7 24. Bxd4 cxd4 25. Qa2 Qb8 26. Ne2 Bxb5 27.
Nxd4 Bxf1 28. Kxf1 Nb6 29. Nc6 Qd6 30. Qb3 Qc5 31. Nxe7+ Kf8 32. Nc6 Qc1+ 33.
Kf2 Qd2+ 34. Kg3 Qg5+ 35. Kh3 Qh5+ 36. Kg3 Qg5+ 37. Kf2 Qd2+ 38. Kf1 Qc1+ 39.
Ke2 Nc4 40. Qd3 Qb2+ 41. Ke1 Qc1+ 42. Kf2 h5 43. h4 g5 44. hxg5 h4 45. Nd4 Ne5
46. Qc2 Qa1 47. Nf5 Qa7+ 48. Ne3 Qd4 49. Ke2 Qb4 50. f4 Qb5+ 51. Kd2 Nd7 52.
Nf5 Nc5 53. Ke3 Qb4 54. Kf3 Kg8 55. Nxh4 Qa3+ 56. Kg4 Qb4 57. g6 fxg6 58. e5
Ne4 59. Nxg6 Qe1 60. Kf5 Ng3+ 61. Ke6 Kg7 62. Ne7 Ne4 63. Qc8 1-0

[Event "ch-city  open-A"]
[Site "Warszawa"]
[Date "2011.05.11"]
[Round "5.7"]
[White "Kaliszewski, Tomasz"]
[Black "Przezdziecka, Marta"]
[Result "0-1"]
[WhiteElo "2056"]
[BlackElo "2245"]
[PlyCount "76"]
[EventDate "2011.05.07"]
[EventRounds "9"]
[EventCountry "POL"]

1. f4 c5 2. Nf3 Nc6 3. b3 d5 4. e3 Nf6 5. Bb2 g6 6. Bb5 Bg7 7. c4 O-O 8. O-O
Nb4 9. Ne5 a6 10. a3 axb5 11. axb4 Rxa1 12. Bxa1 cxb4 13. cxb5 Qa5 14. Bb2 Qxb5
15. d4 Ne4 16. Qd3 Qa5 17. Nd2 Nd6 18. Ra1 Qb6 19. Qe2 f6 20. Nef3 Bd7 21. e4
e6 22. e5 fxe5 23. Nxe5 Bb5 24. Qg4 Nf5 25. Ndf3 Rc8 26. Kh1 Ba6 27. Ng5 Bxe5
28. fxe5 Rc2 29. Qd1 Qc6 30. Bc1 h6 31. Nh3 Qc3 32. Bf4 Qxd4 33. Qxc2 Qxa1+ 34.
Ng1 Qc3 35. Qf2 d4 36. Bd2 Qxb3 37. g4 Qd5+ 38. Nf3 Nh4 0-1

[Event "ch-city  open-A"]
[Site "Warszawa"]
[Date "2011.05.11"]
[Round "5.9"]
[White "Zurkowski, Andrzej"]
[Black "Liberadzki, Slawomir"]
[Result "1-0"]
[WhiteElo "2106"]
[BlackElo "2050"]
[PlyCount "105"]
[EventDate "2011.05.07"]
[EventRounds "9"]
[EventCountry "POL"]

1. d4 d5 2. Nf3 Nf6 3. c4 e6 4. Nc3 c5 5. Bg5 Be7 6. e3 cxd4 7. Nxd4 Nc6 8.
cxd5 Nxd5 9. Nxc6 bxc6 10. Bxe7 Qxe7 11. Rc1 O-O 12. Bd3 Rb8 13. b3 Rd8 14.
Nxd5 cxd5 $11 15. O-O e5 16. Qc2 e4 17. Be2 Be6 18. Qc5 Qxc5 19. Rxc5 Rbc8 20.
Rfc1 Rxc5 21. Rxc5 Rc8 22. Rxc8+ Bxc8 23. f3 Kf8 24. Kf2 Ke7 25. Ke1 g5 26. Kd2
Kd6 27. b4 Ke5 28. Kc3 f5 29. f4+ gxf4 30. exf4+ Kxf4 31. Kd4 Kg5 32. b5 f4 33.
Kxd5 e3 34. Ke5 Bb7 35. h4+ Kxh4 36. Kxf4 Bxg2 37. a4 Bb7 38. a5 Kh3 39. Kxe3
Kg3 40. Bh5 Kh4 41. Be8 Kg3 42. Bc6 Bc8 43. a6 Bxa6 44. bxa6 h5 45. Ke4 Kg4 46.
Ke5 Kg5 47. Kd6 Kf6 48. Kc7 Ke7 49. Bf3 h4 50. Bg4 Ke8 51. Kb8 Kd8 52. Kxa7 Kc7
53. Bh3 1-0

[Event "ch-city  open-A"]
[Site "Warszawa"]
[Date "2011.05.11"]
[Round "5.10"]
[White "Eggink, Ryszard"]
[Black "Grochulski, Grzegorz"]
[Result "1-0"]
[WhiteElo "1914"]
[BlackElo "2057"]
[PlyCount "39"]
[EventDate "2011.05.07"]
[EventRounds "9"]
[EventCountry "POL"]

1. e4 g6 2. d4 Bg7 3. f4 d6 4. Nf3 Nd7 5. c3 c5 6. Bc4 Nb6 7. Bxf7+ Kxf7 8.
dxc5 h6 9. cxb6 Qxb6 10. Qe2 Nf6 11. Be3 Qc6 12. e5 Ng4 13. Bd4 Re8 14. h3 Nf6
15. exf6 exf6 16. Be3 Re7 17. O-O Bf5 18. Re1 Rae8 19. Qf2 Be4 20. Nbd2 1-0

[Event "ch-city  open-A"]
[Site "Warszawa"]
[Date "2011.05.11"]
[Round "5.11"]
[White "Potocki, Karol"]
[Black "Sielicki, Tomasz"]
[Result "0-1"]
[WhiteElo "1894"]
[BlackElo "2026"]
[PlyCount "94"]
[EventDate "2011.05.07"]
[EventRounds "9"]
[EventCountry "POL"]

1. Nf3 d6 2. c4 e5 3. Nc3 f5 4. d3 Nf6 5. g3 Be7 6. Bg2 O-O 7. O-O Nc6 8. Rb1
Qe8 9. b4 Qh5 10. b5 Nd8 11. Ne1 Ne6 12. e3 Qh6 13. Nc2 Nc5 14. Nd5 Nxd5 15.
Bxd5+ Kh8 16. Nb4 e4 17. d4 Nd7 18. f3 Nf6 19. Qc2 Qg6 20. a4 Rb8 21. Bd2 Bd7
22. Rf2 exf3 23. Bxf3 Ne4 24. Bxe4 fxe4 25. Rbf1 Rxf2 26. Rxf2 Re8 27. Nd5 Bd8
28. Nf4 Qg4 29. Bc3 h5 30. Qe2 Qxe2 31. Nxe2 Kg8 32. d5 Rf8 33. Rxf8+ Kxf8 34.
h4 $11 g5 35. hxg5 Bxg5 36. Nf4 Bg4 37. Kf2 Ke7 38. Ke1 Bf6 39. Bxf6+ Kxf6 40.
a5 Kg5 41. Kd2 Bd7 42. Kc3 Kg4 43. Kd4 Be8 44. Kxe4 Kxg3 45. c5 dxc5 46. Ke5 h4
47. e4 h3 0-1

[Event "ch-city  open-A"]
[Site "Warszawa"]
[Date "2011.05.11"]
[Round "5.12"]
[White "Nowicki, Bartosz"]
[Black "Szymczak, Rafal"]
[Result "1-0"]
[WhiteElo "2138"]
[BlackElo "2102"]
[PlyCount "87"]
[EventDate "2011.05.07"]
[EventRounds "9"]
[EventCountry "POL"]

1. e4 c6 2. d4 d5 3. e5 c5 4. dxc5 Nc6 5. Bb5 e6 6. Be3 Qc7 7. Nf3 Nh6 8. c3
Bd7 9. Bxc6 Qxc6 10. b4 a5 11. O-O Nf5 12. Nd4 Nxd4 13. Qxd4 Be7 14. Qg4 g6 15.
Bg5 Bxg5 16. Qxg5 b6 17. cxb6 Qxb6 18. Na3 axb4 19. Nc2 bxc3 20. Ne3 h5 21. Qf6
O-O 22. Nxd5 Qc5 23. Nf4 Rfc8 24. Rad1 Bb5 25. Nxg6 fxg6 26. Qxg6+ Kh8 27. Qh6+
Kg8 28. Qxe6+ Kh8 29. Qh6+ Kg8 30. Qg6+ Kf8 31. Rd6 Ra6 32. Rxa6 Bxa6 33. Qxa6
c2 34. Qf6+ Kg8 35. Qg6+ Kf8 36. e6 Rc7 37. Qh6+ Kg8 38. Rc1 Rb7 39. h3 Qf5 40.
e7 Rxe7 41. Qd2 Rg7 42. Qxc2 Qxh3 43. Qc8+ Qxc8 44. Rxc8+ 1-0

[Event "ch-city  open-A"]
[Site "Warszawa"]
[Date "2011.05.11"]
[Round "5.13"]
[White "Zaczek, Jonathon"]
[Black "Pastuszko, Kinga"]
[Result "1-0"]
[WhiteElo "2126"]
[BlackElo "1862"]
[PlyCount "121"]
[EventDate "2011.05.07"]
[EventRounds "9"]
[EventCountry "POL"]

1. e4 e5 2. Nf3 Nc6 3. Bb5 a6 4. Ba4 Nf6 5. O-O Nxe4 6. d4 b5 7. Bb3 d5 8. dxe5
Be6 9. Nbd2 Nc5 10. c3 Nxb3 11. Nxb3 Be7 12. Be3 O-O 13. Re1 b4 14. Bc5 bxc3
15. bxc3 Bxc5 16. Nxc5 Na5 17. Qa4 Nc4 18. Nd4 Qe7 19. Ndxe6 fxe6 20. Qc6 Rae8
21. Nxa6 Qh4 22. g3 Qg4 23. Nxc7 Nd2 24. Re3 Nc4 25. Nxe8 Nxe3 26. fxe3 Qf5 27.
Nf6+ gxf6 28. Rf1 Qxe5 29. Qc5 Rf7 30. Rf4 Rc7 31. Qb6 Kf7 32. Qd4 Qxd4 33.
cxd4 Rc3 34. e4 dxe4 35. Rxe4 Ra3 36. Re2 Rd3 37. a4 Rxd4 38. Ra2 Rd6 39. Kf2
e5 40. Ke3 Ke6 41. a5 Ra6 42. g4 f5 43. gxf5+ Kxf5 44. Ra4 e4 45. Ra2 Ke5 46.
Ra4 Kf5 $11 47. Ra2 Ke5 48. Ra1 Kf5 49. Ra4 h5 50. h4 Kg4 51. Rxe4+ Kh3 52. Ra4
Kg3 53. Kd3 Ra7 54. a6 Kh3 55. Ke2 Kg2 56. Ra3 Kh2 57. Kf2 Rf7+ 58. Ke3 Kg3 59.
Ke4+ Kxh4 60. a7 Re7+ 61. Kf3 1-0

[Event "ch-city  open-A"]
[Site "Warszawa"]
[Date "2011.05.11"]
[Round "5.14"]
[White "Sujkowski, Pawel"]
[Black "Winiarski, Mikolaj Olaf"]
[Result "1/2-1/2"]
[WhiteElo "2000"]
[BlackElo "1857"]
[PlyCount "79"]
[EventDate "2011.05.07"]
[EventRounds "9"]
[EventCountry "POL"]

1. d4 d5 2. Nf3 Nf6 3. c4 e6 4. Nc3 c5 5. cxd5 exd5 6. g3 Nc6 7. Bg2 cxd4 8.
Nxd4 Be7 9. O-O O-O 10. Bf4 Qb6 11. Ncb5 Nxd4 12. Nxd4 Bb4 13. h3 Bd7 14. Qd3
Bc5 15. Be3 Rfe8 16. Rfd1 Ne4 17. a3 Ba4 18. Rdc1 Nxg3 19. Rxc5 Qxc5 20. fxg3
Bb5 21. Qxb5 Qxb5 22. Nxb5 Rxe3 23. Kf2 Rb3 24. Nc7 Rd8 25. Nxd5 Rxb2 26. Bf3
g6 27. Rd1 Kg7 28. Rd3 Rd6 29. Ke3 a5 30. Kd4 a4 31. h4 Rc6 32. Ke3 Rb3 33. Kd4
b5 34. Ke3 Rc4 35. Kd2 Rb2+ 36. Kd1 Rb1+ 37. Kd2 Rb2+ 38. Ke3 Rb3 39. Kd2 Rb2+
40. Ke3 1/2-1/2

[Event "ch-city  open-A"]
[Site "Warszawa"]
[Date "2011.05.12"]
[Round "6.2"]
[White "Grabarczyk, Miroslaw"]
[Black "Nurkiewicz, Maciej"]
[Result "1/2-1/2"]
[WhiteElo "2445"]
[BlackElo "2417"]
[PlyCount "24"]
[EventDate "2011.05.07"]
[EventCountry "POL"]

1. d4 Nf6 2. c4 g6 3. Nf3 Bg7 4. g3 O-O 5. Bg2 d6 6. Nc3 Nbd7 7. O-O e5 8. e4
c6 9. h3 Qa5 10. dxe5 dxe5 11. Rb1 Rd8 12. Qe2 Nf8 1/2-1/2

[Event "ch-city  open-A"]
[Site "Warszawa"]
[Date "2011.05.12"]
[Round "6.3"]
[White "Przedmojski, Rafal"]
[Black "Alvarado, Carlos"]
[Result "1-0"]
[WhiteElo "2370"]
[BlackElo "2203"]
[PlyCount "123"]
[EventDate "2011.05.07"]
[EventCountry "POL"]

1. d4 d5 2. c4 e6 3. g3 Nf6 4. Bg2 dxc4 5. Nf3 c5 6. Qa4+ Bd7 7. Qxc4 Nc6 8.
dxc5 Qa5+ 9. Nc3 Qxc5 10. Qxc5 Bxc5 11. O-O O-O 12. Bg5 Rfd8 13. Rac1 Be7 14.
a3 h6 15. Bf4 g5 16. Be3 Ng4 17. Bd2 Be8 18. Rc2 Rac8 19. Rfc1 Nf6 20. h3 Bf8
21. Be3 Bg7 22. Nb5 a6 23. Nc3 Ne7 24. Bb6 Rd6 25. Bd4 Nd7 26. Bxg7 Kxg7 27.
Nd2 b5 28. Nce4 Rxc2 29. Rxc2 Rb6 30. Rc7 Nd5 31. Ra7 Kf8 32. Nb3 b4 33. a4 Rc6
34. Nd4 Rc1+ 35. Kh2 Rb1 36. Nd6 Rxb2 37. Bxd5 exd5 38. Rxa6 Rd2 39. N6f5 Kg8
40. a5 h5 41. Kg2 b3 42. Nxb3 Rxe2 43. Ra8 Kh7 44. Nbd4 Re1 45. Nf3 Re2 46. Kf1
Ra2 47. Rxe8 Rxa5 48. Nd6 g4 49. hxg4 hxg4 50. Ne5 Nxe5 51. Rxe5 f6 52. Re2 Kg6
53. Rb2 Ra6 54. Nb5 Kf5 55. Nd4+ Ke4 56. Rd2 Ra1+ 57. Ke2 f5 58. Ne6 Ke5 59.
Nf4 d4 60. Nd3+ Ke4 61. Nc5+ Ke5 62. Rxd4 1-0

[Event "ch-city  open-A"]
[Site "Warszawa"]
[Date "2011.05.12"]
[Round "6.4"]
[White "Deszczynski, Adam"]
[Black "Nguyen, Piotr"]
[Result "1-0"]
[WhiteElo "2366"]
[BlackElo "2397"]
[PlyCount "79"]
[EventDate "2011.05.07"]
[EventCountry "POL"]

1. e4 g6 2. d4 Bg7 3. Nc3 d6 4. Be3 a6 5. f4 b5 6. Bd3 Bb7 7. Nf3 Nd7 8. e5 Nh6
9. a4 b4 10. Ne4 O-O 11. Neg5 e6 12. a5 c5 13. c3 cxd4 14. cxd4 Qe7 15. Be4
Bxe4 16. Nxe4 dxe5 17. dxe5 Ng4 18. Bg1 Rfd8 19. Qb3 f6 20. h3 Nh6 21. exf6
Nxf6 22. Bc5 Qd7 23. Nxf6+ Bxf6 24. O-O Qd5 25. Qxb4 Bxb2 26. Rab1 Bg7 27. Bb6
Bf8 28. Qa4 Rdc8 29. Ne5 Bc5+ 30. Kh2 Qd2 31. Rbd1 Qe2 32. Qd7 Qa2 33. Rc1 Qa3
34. Qxe6+ Kh8 35. Nxg6+ hxg6 36. Qe5+ Kg8 37. Bxc5 Qxa5 38. Qe6+ Kh7 39. Qd7+
Kg8 40. Bd4 1-0

[Event "ch-city  open-A"]
[Site "Warszawa"]
[Date "2011.05.12"]
[Round "6.6"]
[White "Gluszko, Monika"]
[Black "Adamski, Andrzej"]
[Result "1/2-1/2"]
[WhiteElo "2040"]
[BlackElo "2270"]
[PlyCount "22"]
[EventDate "2011.05.07"]
[EventCountry "POL"]

1. e4 g6 2. d4 Bg7 3. Nc3 d6 4. Be3 Nd7 5. g4 c5 6. Nge2 Qa5 7. Ng3 cxd4 8.
Bxd4 Ne5 9. Bb5+ Kf8 10. Be2 Qb4 11. Kf1 Nc6 $11 1/2-1/2

[Event "ch-city  open-A"]
[Site "Warszawa"]
[Date "2011.05.12"]
[Round "6.7"]
[White "Przezdziecka, Marta"]
[Black "Zurkowski, Andrzej"]
[Result "1/2-1/2"]
[WhiteElo "2245"]
[BlackElo "2106"]
[PlyCount "74"]
[EventDate "2011.05.07"]
[EventCountry "POL"]

1. d4 Nf6 2. Nf3 c5 3. d5 e6 4. Nc3 d6 5. e4 exd5 6. exd5 Be7 7. Bd3 Bg4 8. h3
Bh5 9. Bf4 Nbd7 10. g4 Bg6 11. a4 a6 12. O-O O-O 13. Re1 Re8 14. Bxg6 hxg6 15.
Qd3 Qc7 16. Rad1 Bf8 17. Ng5 Rxe1+ 18. Rxe1 Re8 19. Rxe8 Nxe8 20. Qe2 Ndf6 21.
Kg2 Qd7 22. Nge4 Nxe4 23. Qxe4 b5 24. axb5 axb5 25. g5 Nc7 26. Nd1 Na8 27. Ne3
Nb6 28. b3 b4 29. Kg3 Qe7 30. Qd3 Nd7 31. h4 Nb6 32. Kg2 Qd7 33. Qa6 Nxd5 34.
Nxd5 Qg4+ 35. Kh2 Qxh4+ 36. Kg2 Qg4+ 37. Kh2 Qh4+ 1/2-1/2

[Event "ch-city  open-A"]
[Site "Warszawa"]
[Date "2011.05.12"]
[Round "6.8"]
[White "Sielicki, Tomasz"]
[Black "Eggink, Ryszard"]
[Result "0-1"]
[WhiteElo "2026"]
[BlackElo "1914"]
[PlyCount "52"]
[EventDate "2011.05.07"]
[EventCountry "POL"]

1. d4 d5 2. Bg5 h6 3. Bh4 Bf5 4. c4 c6 5. Nc3 dxc4 6. e4 Bh7 7. Bxc4 b5 8. Bd3
Qxd4 9. Nf3 Qb6 10. O-O e6 11. a4 b4 12. a5 Qc5 13. Na4 Qxa5 14. Qb3 Be7 15.
Bxe7 Nxe7 16. Nd4 e5 17. Nf3 Nd7 18. Rfc1 O-O 19. Bc4 Rab8 20. Qd1 Qc7 21. Qe2
c5 22. Bb5 Bxe4 23. Bxd7 Bxf3 24. gxf3 Qxd7 25. Nxc5 Qf5 26. Rxa7 Qg5+ 0-1

[Event "ch-city  open-A"]
[Site "Warszawa"]
[Date "2011.05.12"]
[Round "6.9"]
[White "Sznapik, Aleksander"]
[Black "Nowicki, Bartosz"]
[Result "1-0"]
[WhiteElo "2422"]
[BlackElo "2138"]
[PlyCount "55"]
[EventDate "2011.05.07"]
[EventCountry "POL"]

1. e4 c5 2. Nf3 d6 3. d4 cxd4 4. Nxd4 Nf6 5. Nc3 a6 6. f4 Qc7 7. Bd3 g6 8. Nf3
Nbd7 9. O-O Bg7 10. Kh1 O-O 11. Qe1 b5 12. a3 Bb7 13. Qh4 Nc5 14. f5 Nxd3 15.
cxd3 gxf5 16. Bh6 Rfc8 17. Ng5 fxe4 18. dxe4 Qd7 19. Rf4 a5 20. Raf1 Qe8 21.
Bxg7 Kxg7 22. Rxf6 exf6 23. Qxh7+ Kf8 24. Rxf6 Ke7 25. Rxf7+ Kd8 26. Rxb7 Rc6
27. Nf7+ Kc8 28. Nxd6+ 1-0

[Event "ch-city  open-A"]
[Site "Warszawa"]
[Date "2011.05.12"]
[Round "6.10"]
[White "Liberadzki, Slawomir"]
[Black "Malec, Sebastian"]
[Result "1-0"]
[WhiteElo "2050"]
[BlackElo "2167"]
[PlyCount "51"]
[EventDate "2011.05.07"]
[EventCountry "POL"]

1. e4 g6 2. d4 Bg7 3. c4 d6 4. Nc3 Nf6 5. f3 O-O 6. Be3 c6 7. Qd2 a6 8. g4 b5
9. h4 Nbd7 10. h5 e5 11. d5 b4 12. Nce2 cxd5 13. cxd5 Nc5 14. Ng3 Qa5 15. Bc4
Bd7 16. Bh6 Bxh6 17. Qxh6 b3+ 18. Kf1 Bb5 19. Nf5 Bxc4+ 20. Kg2 gxf5 21. Qg5+
Kh8 22. Qxf6+ Kg8 23. h6 Qd2+ 24. Kh3 fxg4+ 25. fxg4 Qe3+ 26. Kh4 1-0

[Event "ch-city  open-A"]
[Site "Warszawa"]
[Date "2011.05.12"]
[Round "6.11"]
[White "Zaczek, Jonathon"]
[Black "Potocki, Karol"]
[Result "1-0"]
[WhiteElo "2126"]
[BlackElo "1894"]
[PlyCount "111"]
[EventDate "2011.05.07"]
[EventCountry "POL"]

1. e4 e5 2. Nf3 Nc6 3. Bb5 a6 4. Ba4 Nf6 5. O-O Be7 6. Re1 b5 7. Bb3 d6 8. a4
Bg4 9. c3 Na5 10. Ba2 c5 11. d3 Nc6 12. h3 Bh5 13. Nbd2 O-O 14. Nf1 Nd7 15. Ng3
Bg6 16. Bd5 Qc7 17. Bd2 Nb6 18. axb5 axb5 19. Rxa8 Rxa8 20. Qb3 Nxd5 21. exd5
Na5 22. Qxb5 Rb8 23. Qa6 Rxb2 24. d4 f6 25. dxe5 fxe5 26. Bg5 Bf8 27. Ra1 Rb1+
28. Rxb1 Bxb1 29. Nd2 Bc2 30. Qa8 Nb7 31. Nge4 h6 32. Be3 Nd8 33. f3 Nf7 34.
Qc6 Qe7 35. Kh2 Bd3 36. Qc8 Qd8 37. Qf5 Ba6 38. f4 Bc8 39. Qg6 Bb7 40. c4 Be7
41. fxe5 Nxe5 42. Qe6+ Kh7 43. Qf5+ Kg8 44. Qe6+ Kh8 45. Qf5 Bc8 46. Qf4 g5 47.
Qg3 Qf8 48. Bxc5 Ng4+ 49. hxg4 dxc5 50. Qe5+ Kh7 51. d6 Bd8 52. Nxc5 Bf6 53.
Qd5 Bg7 54. d7 Qf4+ 55. g3 Qxg4 56. Qd3+ 1-0

[Event "ch-city  open-A"]
[Site "Warszawa"]
[Date "2011.05.12"]
[Round "6.13"]
[White "Piotrowski, Arkadiusz"]
[Black "Kaliszewski, Tomasz"]
[Result "0-1"]
[WhiteElo "1919"]
[BlackElo "2056"]
[PlyCount "94"]
[EventDate "2011.05.07"]
[EventCountry "POL"]

1. e4 Nc6 2. Nf3 e5 3. Bb5 a6 4. Ba4 Nf6 5. O-O Be7 6. Re1 b5 7. Bb3 d6 8. h3
Na5 9. d3 Nxb3 10. axb3 O-O 11. Nbd2 Bb7 12. Nf1 Re8 13. Bg5 h6 14. Bh4 Nh5 15.
Bxe7 Qxe7 16. Kh2 Nf4 17. g3 Ng6 18. Ne3 c6 19. Qd2 d5 20. Rad1 Rad8 21. Qe2 d4
22. Ng2 c5 23. Ng1 Rf8 24. g4 Rc8 25. Qf1 Rc7 26. Nf3 Rfc8 27. Nd2 Qf6 28. f3
Rc6 29. Qf2 R8c7 30. Rf1 Nf4 31. Nxf4 exf4 32. Rg1 Bc8 33. Ra1 Be6 34. Rgc1 c4
35. bxc4 bxc4 36. dxc4 Bxc4 37. Nb1 Be6 38. Na3 d3 39. c3 Bb3 40. Nb1 Rb7 41.
Nd2 Bc2 42. Ra2 Rcb6 43. Nc4 Qe6 44. Nxb6 Qxa2 45. b4 Rxb6 46. Qxb6 Bd1+ 47.
Kg1 Bxf3 0-1

[Event "ch-city  open-A"]
[Site "Warszawa"]
[Date "2011.05.12"]
[Round "6.14"]
[White "Szymczak, Rafal"]
[Black "Sujkowski, Pawel"]
[Result "1/2-1/2"]
[WhiteElo "2102"]
[BlackElo "2000"]
[PlyCount "33"]
[EventDate "2011.05.07"]
[EventCountry "POL"]

1. f4 g6 2. Nf3 d5 3. g3 c6 4. d3 Bg7 5. Bg2 Nh6 6. c3 Qb6 7. e4 O-O 8. Qe2 Nd7
9. Be3 Qc7 10. e5 f6 11. d4 Ng4 12. Bg1 fxe5 13. dxe5 Nh6 14. Nbd2 Nf5 15. Bf2
Nb6 16. O-O e6 17. Rac1 $11 1/2-1/2

[Event "ch-city  open-A"]
[Site "Warszawa"]
[Date "2011.05.12"]
[Round "6.15"]
[White "Winiarski, Mikolaj Olaf"]
[Black "Eggink, Mateusz"]
[Result "1-0"]
[WhiteElo "1857"]
[BlackElo "1973"]
[PlyCount "65"]
[EventDate "2011.05.07"]
[EventCountry "POL"]

1. d4 d5 2. c4 dxc4 3. e3 e6 4. Bxc4 Nf6 5. Nf3 c5 6. Nc3 a6 7. a4 cxd4 8. exd4
Qc7 9. Qe2 Bb4 10. O-O O-O 11. Bg5 Be7 12. d5 exd5 13. Nxd5 Nxd5 14. Bxd5 Bxg5
15. Nxg5 Nd7 16. Rac1 Qd8 17. Nxf7 Rxf7 18. Qe6 Qf8 19. Rxc8 Qxc8 20. Qxf7+ Kh8
21. Be6 Ne5 22. Bxc8 Nxf7 23. Bxb7 Rb8 24. Rc1 Nd6 25. Bxa6 Rxb2 26. Rc6 Rd2
27. Bf1 Kg8 28. a5 Rd1 29. a6 Nb5 30. g3 Kf8 31. Kg2 Nd4 32. Rc8+ Ke7 33. a7
1-0

[Event "ch-city  open-A"]
[Site "Warszawa"]
[Date "2011.05.13"]
[Round "7.1"]
[White "Leniart, Arkadiusz"]
[Black "Przedmojski, Rafal"]
[Result "1/2-1/2"]
[WhiteElo "2444"]
[BlackElo "2370"]
[PlyCount "74"]
[EventDate "2011.05.07"]

1. e4 c6 2. d4 d5 3. Nc3 dxe4 4. Nxe4 Nd7 5. Bc4 Ndf6 6. Ng5 e6 7. Ne2 c5 8.
O-O h6 9. Nf3 a6 10. a4 cxd4 11. Nexd4 Bd6 12. Qd3 Ne7 13. Rd1 Qc7 14. Ne2 Ned5
15. Bxd5 exd5 16. c4 Be6 17. Nc3 O-O 18. Nxd5 Nxd5 19. cxd5 Bg4 20. h3 Bh5 21.
Bd2 Bg6 22. Qc3 Rac8 23. Rac1 Qxc3 24. Bxc3 Rfd8 25. Nh4 Bh7 26. g3 Be4 27. Rd4
f5 28. Rcd1 Bc5 29. R4d2 g5 30. Ng6 f4 31. Ne5 fxg3 32. d6 Bxf2+ 33. Rxf2 gxf2+
34. Kxf2 Rc5 35. d7 Rxe5 36. Bxe5 Bc6 37. a5 Rxd7 $11 1/2-1/2

[Event "ch-city  open-A"]
[Site "Warszawa"]
[Date "2011.05.13"]
[Round "7.2"]
[White "Strzemiecki, Zbigniew"]
[Black "Grabarczyk, Miroslaw"]
[Result "1/2-1/2"]
[WhiteElo "2422"]
[BlackElo "2445"]
[PlyCount "107"]
[EventDate "2011.05.07"]

1. e4 e5 2. Nf3 Nf6 3. Nxe5 d6 4. Nf3 Nxe4 5. Nc3 Nf6 6. d4 d5 7. Bd3 Be7 8.
Bf4 O-O 9. Qd2 Nc6 10. h3 Bb4 11. O-O-O Ne7 12. Rde1 c6 13. Bg5 Qd6 14. Bf4 Qd8
15. Bg5 Qd6 16. Ne5 Ng6 17. f3 Re8 18. Nxg6 Rxe1+ 19. Rxe1 hxg6 20. Bf4 Qd8 21.
g4 Bd7 22. h4 Qa5 23. a3 Bxc3 24. Qxc3 Qxc3 25. bxc3 Re8 26. Rh1 Be6 27. Kd2
Nd7 28. h5 gxh5 29. gxh5 Nb6 30. Rg1 f6 31. h6 g5 32. Bh2 Nc4+ 33. Kc1 Bd7 34.
f4 g4 35. f5 Ne3 36. Bf4 Bxf5 37. Bxe3 Bxd3 38. Rxg4+ Kh8 39. cxd3 Rxe3 40. Rg7
Rxd3 41. Kc2 Rh3 42. Rxb7 a5 43. Rc7 Rxh6 44. Rxc6 a4 45. c4 dxc4 46. Kc3 Rh3+
47. Kb4 Kg7 48. Kxa4 f5 49. Rxc4 Kf6 50. Kb4 f4 51. a4 f3 52. Rc1 Ke6 53. Rc8
Rh1 54. Rf8 1/2-1/2